Введение в программирование на языке Visual C#: учебное пособие

Bibliografske podrobnosti
Glavni avtor: Гуриков С. Р. Сергей Ростиславович
Izvleček:Книга является руководством по программированию на языке Visual С# для начинающих. В ней содержится описание такого традиционного материала, как работа линейных, разветвляющихся и циклических структур, обработка одномерных и двумерных массивов. Кроме того, рассмотрены методы работы с символами и строками, файлами, даны основные понятия работы с классами. Обсуждаются типы данных, используемые в Visual С#, большое внимание уделено методам ввода и вывода данных, сделан обзор основных элементов управления среды программирования. Имеются примеры консольных приложений, однако большинство программ написаны как Windows-приложения.
Jezik:ruščina
Izdano: Москва, Форум, 2019
Serija:Высшее образование - Бакалавриат
Teme:
Format: Knjiga
KOHA link:https://koha.lib.tpu.ru/cgi-bin/koha/opac-detail.pl?biblionumber=340614

MARC

LEADER 00000nam0a2200000 4500
001 340614
005 20231102005246.0
010 |a 9785000914588 
010 |a 978-5-16-013100-9 
035 |a (RuTPU)RU\TPU\book\367537 
090 |a 340614 
100 |a 20180404d2019 m y0rusy50 ca 
101 0 |a rus 
102 |a RU 
105 |a a j 001zy 
200 1 |a Введение в программирование на языке Visual C#  |e учебное пособие  |f С. Р. Гуриков 
210 |a Москва  |c Форум  |c Инфра-М  |d 2019 
215 |a 447 с.  |c ил. 
225 1 |a Высшее образование - Бакалавриат 
320 |a Библиогр.: с. 446 
330 |a Книга является руководством по программированию на языке Visual С# для начинающих. В ней содержится описание такого традиционного материала, как работа линейных, разветвляющихся и циклических структур, обработка одномерных и двумерных массивов. Кроме того, рассмотрены методы работы с символами и строками, файлами, даны основные понятия работы с классами. Обсуждаются типы данных, используемые в Visual С#, большое внимание уделено методам ввода и вывода данных, сделан обзор основных элементов управления среды программирования. Имеются примеры консольных приложений, однако большинство программ написаны как Windows-приложения. 
606 1 |a Программирование  |2 stltpush  |3 (RuTPU)RU\TPU\subj\51780  |9 70345 
610 1 |a алгоритмизация 
610 1 |a Visual C # 
610 1 |a языки программирования 
610 1 |a одномерные массивы 
610 1 |a двумерные массивы 
610 1 |a обработка 
610 1 |a линейные алгоритмы 
610 1 |a разветвляющиеся алгоритмы 
610 1 |a циклические алгоритмы 
610 1 |a учебные пособия 
675 |a 004.42(075.8)  |v 4 
700 1 |a Гуриков  |b С. Р.  |g Сергей Ростиславович 
801 1 |a RU  |b 63413507  |c 20180404 
801 2 |a RU  |b 63413507  |c 20190604  |g RCR 
942 |c BK 
959 |a 4/20180227  |d 1  |e 1390,00  |f ЧЗТЛ:1